Sports Quiz

Random Sports Quiz
Score 0/50 Timer 15:00
0 Plays Today
Team Player % Correct
SouthamptonAli Dia
57.1%
Man CityJo
57.1%
Manchester UnitedBebe
23.8%
Chelsea & Manchester UnitedRadamel Falcao
14.3%
Manchester UnitedEric Djemba-Djemba
14.3%
Hull CityJozy Altidore
14.3%
Manchester UnitedMassimo Taibi
14.3%
Birmingham, Wigan & BlackpoolRichard Kingson
9.5%
ArsenalYaya Sanogo
9.5%
Leicester Ahmed Musa
4.8%
LiverpoolChristian Poulsen
4.8%
Cardiff Andreas Cornelius
4.8%
LiverpoolErik Meijer
4.8%
EvertonAndy van der Meyde
4.8%
BoltonMario Jardel
4.8%
BlackburnCorrado Grabbi
4.8%
LeedsTomas Brolin
4.8%
Newcastle Albert Luque
4.8%
West HamMarco Boogers
4.8%
Liverpool Sean Dundee
4.8%
Nottingham ForrestAndrea Silenzi
4.8%
ArsenalIgors Stepanovs
4.8%
ChelseaWinston Bogarde
4.8%
LiverpoolSalif Diao
0%
Leeds UnitedRoque Junior
0%
Team Player % Correct
Nottingham ForrestNikola Jerkan
0%
Aston VillaStiliyan Petrov
0%
ArsenalSebastien Squillaci
0%
SouthamptonAgustin Delgado
0%
Aston Villa Jean Makoun
0%
LiverpoolTorben Piechnik
0%
DerbyDean Leacock
0%
PourtsmouthKonstantinos Chalkias
0%
Everton & BurnleyLukas Jutkiewicz
0%
LeicesterAde Akinbiy
0%
LiverpoolIstvan Kozma
0%
NewcastleMarcelino
0%
Stoke & BurnleyLeon Cort
0%
TottenhamGilberto
0%
TottenhamGrzegorz Rasiak
0%
FulhamKostas Mitroglou
0%
LiverpoolBruno Cheyrou
0%
Norwich City Ricky van Wolfswinkel
0%
Newcastle Jean-Alain Boumsong
0%
LiverpoolAntonio Nunez
0%
DerbyClaude Davis
0%
Aston VillaBosko Balban
0%
Hull CityJunior Lewis
0%
SunderlandMilton Nunez
0%
West HamSavio Nsereko
0%
Remove Ads.
Support Sporcle.
Get the best of Sporcle when you Go Orange. This ad-free experience offers more features, more stats, and more fun while also helping to support Sporcle. Thank you for becoming a member.

You're not logged in!

Compare scores with friends on all Sporcle quizzes.
OR
Log In

Sporcle TV

Today on Sporcle TV


Watch our educational content, quiz creation guides, and fun videos on Sporcle TV.

Show Comments

Extras

Created May 11, 2020ReportNominate
Tags:League, Player, Premier, team, Top 50, Worst

Top Quizzes Today


Score Distribution

Paid Content

Your Account Isn't Verified!

In order to create a playlist on Sporcle, you need to verify the email address you used during registration. Go to your Sporcle Settings to finish the process.

Report this User

Report this user for behavior that violates our Community Guidelines.

Details: